Quizzes
Events
Quiz Creation
Community
Videos
Private Events
Remove Ads
Sign In
Join for FREE
Feedback
Dark Mode
Quiz Categories
Sports
Geography
Music
Movies
Television
Just For Fun
Miscellaneous
History
Literature
Language
Science
Gaming
Entertainment
Religion
Holiday
For Kids
Quiz Lab
Recent
Popular Today
Quiz Kudos Today
Editor Picks
Curator Picks
Quizzes by...
Day
Popularity
Type
Ratings
Length
Year
Community
Subscriptions
Recent Discussions
Orange Saloon
Badges
Playlists
Quests
Create
Leaderboards
Showdown
Live 5
Trivia Bingo
Activity
Puzzle Library
Sporcle Events
Private Events
Virtual Trivia
Globe League
Become a Host
Pub Owners
SporcleCon
Opinionation
Our Games
Videos
Blog
Mobile Apps
Partnerships
Remove Ads and Go Orange
Feedback
Sports
Athletes
MLB
NBA
NHL
NFL
Soccer
Sports Teams
WWE
NCAA
Football
Premier League
Basketball
Baseball
Hockey
Golf
Tennis
Cricket
Rugby
Auto Racing
Olympics
World Cup
Sports
Athletes
MLB
NBA
NHL
NFL
Soccer
Sports Teams
WWE
NCAA
Football
Premier League
Basketball
Baseball
Hockey
Golf
Tennis
Cricket
Rugby
Auto Racing
Olympics
World Cup
Random Quiz
Search Sporcle
×
Quiz Lab
Quiz Lab
Sports
bill
Type in answers that appear in a list
Type in answers that appear in a list
Classic
Best Score? Go Orange.
Bill Simmon's Hall of Fame Pyramid Stats
Can you name the Bill Simmon's Hall of Fame Pyramid?
By
kbarbs37
15m
101 Questions
770 Plays
770 Plays
770 Plays
Comments
Comments
Give Quiz Kudos
Give Quiz Kudos
-
- Ratings
hide this ad
Replay
Link that replays current quiz
Next Quiz
Link to next quiz in quiz playlist
You Got
0%
They Got
Avg Score
69%
Avg Friend Score
Upgrade to see
Score Distribution
Jump to the score distribution portion of the page
Score
0/101
Timer
15:00
0
Plays Today
Number
Player
% Correct
1
Michael Jordan
97.1%
4
Magic Johnson
96.1%
54
Dennis Johnson
95.6%
93
Kevin Johnson
95.1%
5
Larry Bird
94.9%
2
Bill Russell
94.7%
8
Kobe Bryant
94.3%
18
Karl Malone
94.2%
13
Moses Malone
94%
20
Lebron James
93.9%
12
Shaquille O'Neal
93.2%
6
Wilt Chamberlain
93.2%
3
Kareem Abdul-Jabbar
92.9%
7
Tim Duncan
91.9%
9
Jerry West
91.7%
24
Scottie Pippen
91.3%
19
Charles Barkley
89.6%
11
Hakeem Olajuwon
89.6%
29
David Robinson
89.2%
25
John Stockton
88.8%
28
Dwyane Wade
88.6%
22
Kevin Garnett
88.2%
23
Isiah Thomas
87.4%
40
Patrick Ewing
87.1%
47
Paul Pierce
87%
62
Ray Allen
86.9%
10
Oscar Robertson
86.6%
36
Steve Nash
86.2%
39
Dirk Nowitzki
85.2%
16
Julius Erving
85.1%
44
Clyde Drexler
84.7%
35
Kevin McHale
84.5%
14
John Havlicek
84%
43
Jason Kidd
83.9%
Number
Player
% Correct
63
Reggie Miller
83.4%
21
Bob Cousy
82.9%
37
Allen Iverson
81.7%
15
Elgin Baylor
79.9%
69
Dennis Rodman
79.5%
59
Robert Parish
79.4%
33
Sam Jones
79.1%
89
Vince Carter
78.7%
55
Dominique Wilkins
78.1%
50
James Worthy
76.9%
27
Bill Walton
76.9%
77
Tracy McGrady
76.4%
38
George Mikan
76.4%
74
Joe Dumars
76.2%
34
George Gervin
76.1%
32
Walt Frazier
75.3%
30
Willis Reed
74.5%
41
Gary Payton
73.9%
78
Dwight Howard
73.6%
17
Bob Pettit
73%
26
Rick Barry
71.7%
82
Chris Mullin
71%
68
Pete Maravich
70.5%
65
Alex English
69.6%
51
Elvin Hayes
69.4%
72
Chris Webber
69.1%
90
Chris Paul
68.4%
42
Wes Unseld
68.3%
88
Shawn Kemp
68.2%
31
Dave Cowens
65.7%
60
Nate Archibald
65.3%
61
Bob McAdoo
64.9%
58
Bernard King
64.4%
66
Adrian Dantley
63.4%
Number
Player
% Correct
52
Dolph Schayes
61.3%
67
Earl Monroe
61.2%
95
Jo Jo White
58.8%
71
Lenny Wilkens
58.3%
70
David Thompson
57.3%
96
Tom Chambers
56.8%
46
Dave Debusschere
55.2%
92
Bob Lanier
54%
57
Tommy Heinsohn
53.9%
81
Dave Bing
53.4%
45
Nate Thurmond
53.4%
64
Jerry Lucas
53.1%
84
Robert Horry
52.5%
56
Paul Arizin
52.2%
49
Billy Cunningham
50.5%
87
Gail Goodrich
49.6%
48
Hal Greer
49.6%
53
Bill Sharman
45.1%
75
Artis Gilmore
43.8%
76
Dan Issel
43%
73
Sidney Moncrief
41.6%
86
Connie Hawkins
40%
94
Jack Twyman
39.4%
85
Arvydas Sabonis
37.1%
80
Bobby Dandridge
32.6%
79
Paul Westphal
31.7%
Level 1
30.5%
Level 2
30.5%
Level 3
30.5%
Level 4
30.5%
Pantheon
30.5%
91
Bailey Howell
29.5%
83
Cliff Hagan
26.8%
Quiz Playlist
Details
Report
Send in Message
Add To Playlist
Classic:
Type in answers that appear in a list
Last Updated: Feb 16, 2017
Quiz Scoreboard
CHALLENGE
Sign Up to Join the Scoreboard
Show All
Scores
Hide
Comments
May contain spoilers
Recently Published
One Thing in Common: World Cities II
by knightlancer
Geography
7m
Popular People in 1961
by mucciniale
History
6m
1-10 Letter E Words III
by El_Dandy
Language
2m
More to Explore
Quiz From the Vault
Featured Blog Post
Where Did the Easter Bunny Come From?
hide this ad
You Might Also Like...
Tags
bill
fame
hall
Player
Pyramid
simmon
Today's Top Quizzes in Sports
Browse Sports
hide this ad
Today's Top Quizzes in bill
Browse bill
Top Contributed Quizzes in Sports
1
Les meilleurs buteurs des matchs entre le PSG et l’OM
2
Les entraîneurs de l'OM et du PSG au 21e siècle
3
2022 World Cup Stars
4
FIFA Club World Cup Champions
5
Name the Premier League winners with different clubs
6
La finale Lions - Afrique du Sud 2021
7
Criteria MLB: Left Handed Sluggers
8
Players with Multiple 50 Home Run Seasons
9
MLB Players with Two .350 Batting Average Seasons
10
MLB Hall of Famer by Rings
Explore More
Trending Topics
NBA
Harry Potter
Kpop
Marvel
Anime
Crossword
Disney
The Office
Puzzle
Country
Song
NFL
Soccer
WWE
Pokémon
hide this ad
More By:
kbarbs37
Quiz
Plays
Rating
Category
Featured
Created
Bill Simmon's Hall of Fame Pyramid
770
2.33
Sports
Jun 27, 2012
Go to Creator's Profile
Score Distribution
Quiz Creator Spotlight
kbarbs37
Follow
Send a Message
Quizzes Created
-
Created Quiz Play Count
-
More By This Creator
Popular Quizzes Today
1
Find the US States - No Outlines Minefield
2
The Countries of the World
3
Popular People in 1961
4
Find the Countries of Europe - No Outlines Minefield
5
1-10 Letter E Words III
6
Find the US States
7
One Thing in Common: World Cities II
8
US States
More Sports Quizzes
Real Madrid Line-ups 2000-2023
Quiz Lab
Trending Quizzes
1-10 Letter F Words
1-10 Letter G Words
Risky Map Clicking: Next State Alphabetically
1-10 Letter F Words II
Risky Map Clicking: States by Unique Starting Letters
Recently Updated
Leaping Animals
pecheneg
Reality TV Shows (A-Z)
bhenderson79
Rickey Henderson's Hall of Fame Teammates
pecheneg
Champions League XIs: Arsenal
pecheneg
Quick Pick: Celebrities in WWE's Hall of Fame
aduchscher
A-Z Keypad Blitz II
pecheneg
Multiple Oscar Actors
pecheneg
Mystery Phrase Blitz: Oscar 'Best Actors'
pecheneg
F. Scott Fitzgerald Novels
LTH
Pick 3 Villains
ddd62291
Trending Topics
Harry Potter
Kpop
Crossword
NBA
Anime
Disney
Marvel
Soccer
NFL
WWE
Pokémon
Song
Country
Puzzle
The Office
Your Account Isn't Verified!
In order to create a playlist on Sporcle, you need to verify the email address you used during registration. Go to your
Sporcle Settings
to finish the process.
Report this User
Report this user for behavior that violates our
Community Guidelines
.
Details:
Send Report
Go to the Sporcle.com Mobile Site →
Comments